Statistics for Countries With the Most Border Disputes

Click here to take the quiz!

General Stats

  • This quiz has been taken 94 times
  • The average score is 11 of 16

Answer Stats

# of disputesCountry% Correct
14China
100%
19India
98%
13United States
94%
10United Kingdom
93%
6Pakistan
91%
8France
90%
6Japan
70%
8Canada
69%
11Spain
69%
7Sudan
58%
7Taiwan
55%
8Bangladesh
49%
6Malaysia
49%
7Morocco
46%
7South Sudan
39%
7Croatia
25%

Score Distribution

Percentile by Number Answered

Percent of People with Each Score

Your Score History

You have not taken this quiz